00652nam a2200241 a 4500001001300000003000900013005001700022008004100039020001000080082001600090100001200106245001900118260003100137300000800168500003500176505001700211650001900228700001200247902000800259942000700267952011900274999001700393nice12345678IN_TiNIC20260116015218.0050524s1308 teha grp 000 0 per  ac10000a891.51bEER aEeraj,  aDeewan-I-Eeraj aTehranbMajlis Pressc1308 a54p aincludes index and biblioraphy2 aVols. 1 to 6 aPersian Poetry1 aEeraj,  bSRS cBK 001040708StackRoom-aHMIbHMId2007-06-01g100.00l0o891.51 EERp11000934r2007-06-01v100.00w2005-05-24yBK c18785d18785